00683 a2200193 4500010001400000020002300014035001300037037001500050082001000065090001500075100002300090245006100113260005900174270005600233300002500289942002500314999001500339952013500354 aENG-88011 a8180040054c255.00 aEN-71544 bDBAD / PUB14a617.7 c7634d76341 aRao, Vasudev Anand1 aText book of diseases of the eye /cby Vasudev Anand Rao aNew DelhibAll India Publishers and Distributorsc2004 a4380/4B, Ansari Road, DaryaganjbNew Delhie110 002 a362 p.c22 cm. (Pbk) adplcENk617.7 / RAO c7500d7500 00102ddc40718NFICaDBADbDBADeDBAD/PUBg255.00l0o617.7 RAOpEN-71544 r2008-09-15 00:00:00t1u9146v255.00w2008-09-15yEN